000 00557nam a2200217 a 4500
001 0001-2071
003 ELIB.Books
008 190722 2010 eng
020 _aKBTS
092 _a280.042
_bWcc
100 _aNadar, Sarojini
245 _aOn Being Church: African Women's Voices and Visions
260 _aGeneva
_bWCC
_c2005
300 _c20.5cm
650 _aEcumenical Movement
856 _nKBTS Library
_uKBTS Elib
942 _2ddc
_cBK
990 _a4
998 _aEnglishbooks.elf
_ccat
_e2019-07-22
999 _c12071
_d12071